BIBLIOTECA

SENCICO

Diseño, cálculo y construcción de edificios de Albañilería (Registro nro. 1078)

Detalles MARC
000 -LEADER
fixed length control field 00918nam a2200265Ia 4500
005 - DATE AND TIME OF LATEST TRANSACTION
control field 20251020182458.0
008 - FIXED-LENGTH DATA ELEMENTS--GENERAL INFORMATION
fixed length control field 200515s9999 xx 000 0 und d
082 ## - DEWEY DECIMAL CLASSIFICATION NUMBER
Classification number 624.182/G21
100 ## - MAIN ENTRY--PERSONAL NAME
Personal name Gallegos Vargas, Héctor
245 #0 - TITLE STATEMENT
Title Diseño, cálculo y construcción de edificios de Albañilería
260 ## - PUBLICATION, DISTRIBUTION, ETC.
Place of publication, distribution, etc. Lima
260 ## - PUBLICATION, DISTRIBUTION, ETC.
Name of publisher, distributor, etc. CONCYTEC ; COLEGIO DE INGENIEROS DEL PERÚ
260 ## - PUBLICATION, DISTRIBUTION, ETC.
Date of publication, distribution, etc. s. a.
300 ## - PHYSICAL DESCRIPTION
Extent 397 p.
300 ## - PHYSICAL DESCRIPTION
Other physical details il., tbl., graf.
500 ## - GENERAL NOTE
General note 1 ejemplar
520 ## - SUMMARY, ETC.
Summary, etc. Analiza el rol, las posibilidades y demandas de la albañilería en general, y en especial, de la albañilería estructural como solución constructiva de edificaciones ubicadas en áreas sísmicas para edificios de 4 a 6 pisos, en el contexto de minimizar este
650 ## - SUBJECT ADDED ENTRY--TOPICAL TERM
Topical term or geographic name entry element ALBAÑILERIA
650 ## - SUBJECT ADDED ENTRY--TOPICAL TERM
Topical term or geographic name entry element CONCRETO
650 ## - SUBJECT ADDED ENTRY--TOPICAL TERM
Topical term or geographic name entry element MORTEROS
650 ## - SUBJECT ADDED ENTRY--TOPICAL TERM
Topical term or geographic name entry element NORMA E-70
650 ## - SUBJECT ADDED ENTRY--TOPICAL TERM
Topical term or geographic name entry element NORMAS
942 ## - ADDED ENTRY ELEMENTS (KOHA)
Koha item type Libros
Existencias
Fecha de la última vez que lo usaron Pago total Signatura topográfica completa Código de barras Precio efectivo desde Tipo de documento Estado perdido Estado dañado No es para préstamo Retirado Ubicación permanente Ubicación actual Fecha de adquisición
15/05/2020   624.182/G21 Bib-Lima15051078 15/05/2020 Libros         Biblioteca Central Lima Biblioteca Central Lima 15/05/2020